000 01469ngm a22003970a 4500
001 PT39935
003 AR-LpoUNG
005 20210201235855.0
007 vd cvaizq
008 191001ss.f.||||ag |||||||||||||||||spa d
037 _c$13.50
040 _aAR-LpoUNG
_bspa
_cAR-LpoUNG
_eaacr
041 _aspa
044 _aag
082 0 _a982.064 539re
100 1 _aAnchart, Nora
_edir.
245 1 0 _aRegístrese, comuníquese y archívese
260 _aBuenos Aires :
_bMiradas al sur,
_cs. f..
300 _aDVD (90 min.) : son., col.
505 0 _aProducción: Mónica Acosta ; co-guión: Enriqueta Berro. - Hecha en 1995
520 _aDocumental realizado sobre la base del documento SUBVERSIÓN EN EL ÁMBITO EDUCATIVO (Conozcamos a nuestro enemigo) que fue firmado el 27 de octubre de 1977 por el entonces ministro de Cultura y Educación de la dictadura Juan José Catalán y distribuido en todos los establecimientos educacionales del país a docentes y autoridades escolares, con el propósito de buscar "subversivos" en los niveles inicial, primario, secundario y superior.
650 4 _aARGENTINA
650 4 _aASPECTOS POLITICOS
650 4 _aDICTADURA
650 4 _aEDUCACION
650 4 _aGOBIERNO MILITAR
650 4 _aSISTEMAS DE ENSEÑANZA
651 4 _aArgentina
653 _aCINE ARGENTINO
653 _aDOCUMENTALES
653 _aDVD
653 _aTESTIMONIOS
653 _aVIDEOS
905 _a39935
942 _cDVD
999 _c53661
_d53661